000 nam a22 7a 4500
999 _c7161
_d7161
008 170725b xxu||||| |||| 00| 0 eng d
100 _93737
_aDas Shiv
245 _aComputer Science C++
260 _aNew Delhi
_bShiv and Das Publishers